| 000 | 00000nas##2200000za#4500 |
| 001 | 9.507015 |
| 003 | CaOODSP |
| 005 | 20200618101617 |
| 007 | cr ||||||||||| |
| 008 | 150406c1998||||xxc|| p o||||f| |0eng|d |
| 022 | |a1917-7216 |
| 040 | |aCaOODSP|beng |
| 043 | |an-cn--- |
| 086 | 1 |aHP37-3E-PDF |
| 110 | 2 |aPublic Health Agency of Canada. |
| 245 | 10|aCanada's report on HIV/AIDS |h[electronic resource] |
| 260 | |aOttawa - Ontario : |bPublic Health Agency of Canada |
| 310 | |aAnnual |
| 362 | 1 |a1998-[2006?] |
| 500 | |aIssues for years 2001 and 2002 published by Health Canada. |
| 690 | 07|aAIDS (disease)|2gcpds |
| 775 | 08|tRapport du Canada sur le VIH/sida |w(CaOODSP)9.503408 |